000 01025nas a2200313 4500
001 BR2012008040
003 BR-BrBNA
005 20231205121401.0
007 ta
008 230509b bl.|||p| |||| 00| 00por d
040 _aBR-BrBNA
_bpor
_cBiblioteca Nacional de Agricultura
041 _a(Pt)
072 _aF08; F62
100 1 _aPereira, D.C.
100 1 _aGrutzmacher, P.
100 1 _aBernardi, F.H.
100 1 _aMallmann, L.S.
100 1 _aCosta, L.A. de M.
100 1 _aCosta, M.S.S. de M.
245 1 _aProdução de mudas de almeirão e cultivo no campo, em sistema agroecológico
650 _aCICHORIUM INTYBUS
650 _aCRESCIMENTO
650 _aREPRODUÇÃO VEGETAL
650 _aCOMPOSTO ORGÂNICO
773 0 _tRevista Brasileira de Engenharia Agrícola e Ambiental (Brazil)
_xISSN 1807-1929
_g(Oct-2012), v.16(10) p. 1100-1106
_wBR2012008040
856 4 0 _uhttp://www.agriambi.com.br/revista/v16n10/v16n10a10.pdf
909 _a202311
_bLúcia
_c55
_dLúcia Elande
942 _2AGRIS
_n0
_cANA
999 _c223286
_d223286